[Event "9th North Sea Cup"]
[Site "Esbjerg DEN"]
[Date "1984.07.??"]
[Round "1"]
[White "Arnason, Jon Loftur"]
[Black "Hansen, Curt"]
[Result "1/2-1/2"]
[WhiteElo "2505"]
[BlackElo "2505"]
[EventDate "1984.07.??"]
[PlyCount "74"]

1.e4 c5 2.Nf3 e6 3.d4 cxd4 4.Nxd4 Nc6 5.Nc3 a6 6.Be2 d6 7.O-O Nf6 8.Kh1 
Be7 9.f4 Bd7 10.a4 Nxd4 11.Qxd4 Bc6 12.b4 O-O 13.Ba3 b6 14.b5 axb5 15.axb5
Bb7 16.e5 Nd5 17.Nxd5 Bxd5 18.Qb4 Rxa3 19.Qxa3 dxe5 20.Qa7 Bc5 21.c4 Be4 
22.Rad1 Qf6 23.Qc7 Qg6 24.Bf3 Bd3 25.Bh5 Qxh5 26.Rxd3 Qe2 27.Rfd1 e4 28.
Rd8 g6 29.h3 Rxd8 30.Qxd8+ Kg7 31.Qd2 Qxc4 32.Qb2+ Kh6 33.g4 e3 34.Qe5 f5 
35.Rd7 Qf1+ 36.Kh2 Qf2+ 37.Kh1 Qf3+ 1/2-1/2

[Event "9th North Sea Cup"]
[Site "Esbjerg DEN"]
[Date "1984.07.??"]
[Round "1"]
[White "Fries-Nielsen, Jens Ove"]
[Black "Mestel, Andrew Jonathan"]
[Result "1/2-1/2"]
[WhiteElo "2380"]
[BlackElo "2545"]
[EventDate "1984.07.??"]
[PlyCount "81"]

1.d4 Nf6 2.Nf3 g6 3.c4 Bg7 4.Nc3 O-O 5.e4 d6 6.Be2 Nbd7 7.O-O e5 8.Be3 c6 
9.d5 c5 10.Ne1 Ne8 11.Nd3 f5 12.exf5 gxf5 13.f4 e4 14.Nf2 Bxc3 15.bxc3 Ng7
16.h3 Qh4 17.Qe1 Qg3 18.Nd1 Qxe1 19.Rxe1 h5 20.Bf2 Nb6 21.Bh4 Kf7 22.Nb2 
Bd7 23.a4 a5 24.Ra3 Ra6 25.Bd1 Nc8 26.Rb3 Rb6 27.Rxb6 Nxb6 28.Re3 Re8 29.
Kf2 Nc8 30.Rg3 Ne7 31.Bxe7 Rxe7 32.h4 Re8 33.Ke3 Rh8 34.Rg5 Kf6 35.Bc2 Be8
36.Nd1 Bg6 37.Kd2 Ne8 38.Ne3 Nc7 39.Bd1 Na8 40.Kc2 Nb6 41.Kb3 1/2-1/2

[Event "9th North Sea Cup"]
[Site "Esbjerg DEN"]
[Date "1984.07.??"]
[Round "1"]
[White "Karlsson, Lars"]
[Black "Csom, Istvan"]
[Result "1/2-1/2"]
[WhiteElo "2500"]
[BlackElo "2500"]
[EventDate "1984.07.??"]
[PlyCount "63"]

1.Nf3 Nf6 2.g3 b5 3.Bg2 Bb7 4.O-O e6 5.d3 c5 6.e4 d6 7.Nc3 a6 8.Bd2 Nc6 9.
a3 Be7 10.Re1 Nd7 11.Rb1 Nde5 12.Nxe5 dxe5 13.Be3 O-O 14.Ne2 Qc7 15.c3 
Rac8 16.b4 cxb4 17.axb4 Rfd8 18.Nc1 Nb8 19.Bd2 Nd7 20.Bf1 Nb6 21.Nb3 Rd7 
22.Na5 Ba8 23.Qc2 Qd8 24.Be3 Na4 25.c4 Bxb4 26.Rxb4 Qxa5 27.Reb1 Qd8 28.
Qb3 Bc6 29.Qa3 Qf8 30.Qa1 Qd6 31.cxb5 axb5 32.d4 1/2-1/2

[Event "9th North Sea Cup"]
[Site "Esbjerg DEN"]
[Date "1984.07.??"]
[Round "1"]
[White "Kristiansen, Jens"]
[Black "Jakobsen, Ole"]
[Result "1/2-1/2"]
[WhiteElo "2445"]
[BlackElo "2435"]
[EventDate "1984.07.??"]
[PlyCount "95"]

1.e4 c5 2.Nf3 d6 3.d4 cxd4 4.Nxd4 e6 5.c4 Nf6 6.Nc3 Be7 7.Be2 O-O 8.O-O 
Qd7 9.Be3 b6 10.f3 Bb7 11.b4 Nc6 12.Nxc6 Qxc6 13.Qb3 Rfc8 14.Rac1 Qe8 15.
Rfd1 Qf8 16.a3 Rd8 17.Nb5 Rd7 18.Rc2 Qb8 19.Rcd2 a6 20.Nc3 Bc8 21.Kh1 h6 
22.Qc2 Raa7 23.f4 Qc7 24.f5 Rb7 25.fxe6 fxe6 26.e5 dxe5 27.Qg6 Rxd2 28.
Rxd2 Bd7 29.Bxh6 Bf8 30.Bg5 Be8 31.Qd3 Qf7 32.Qf3 a5 33.Rb2 axb4 34.axb4 
Ra7 35.Rb1 Ra3 36.Bc1 Ra7 37.Be3 Ra3 38.Bc1 Ra7 39.Bd3 Qh5 40.Qxh5 Bxh5 
41.h3 Rd7 42.Bc2 Rd4 43.c5 bxc5 44.b5 Rc4 45.Bd2 Nd5 46.Rb3 Nb6 47.Rb1 Nd5
48.Rb3 1/2-1/2

[Event "9th North Sea Cup"]
[Site "Esbjerg DEN"]
[Date "1984.07.??"]
[Round "1"]
[White "Miles, Anthony John"]
[Black "Mortensen, Erling"]
[Result "1/2-1/2"]
[WhiteElo "2565"]
[BlackElo "2445"]
[EventDate "1984.07.??"]
[PlyCount "48"]

1.d4 Nf6 2.c4 g6 3.Nc3 Bg7 4.e4 d6 5.Bd3 Nc6 6.Nge2 e5 7.d5 Nd4 8.Nxd4 
exd4 9.Ne2 O-O 10.Bg5 h6 11.Bh4 Re8 12.f3 c5 13.dxc6 bxc6 14.Nxd4 Qb6 15.
Ne2 d5 16.exd5 cxd5 17.Qb3 Be6 18.Qxb6 axb6 19.cxd5 Nxd5 20.O-O Ne3 21.
Rfe1 Bxb2 22.Rab1 Rxa2 23.Bf2 Bf5 24.Bxf5 Nxf5 1/2-1/2

[Event "9th North Sea Cup"]
[Site "Esbjerg DEN"]
[Date "1984.07.??"]
[Round "2"]
[White "Hansen, Curt"]
[Black "Miles, Anthony John"]
[Result "0-1"]
[WhiteElo "2505"]
[BlackElo "2565"]
[EventDate "1984.07.??"]
[PlyCount "115"]

1.c4 e5 2.Nc3 Nf6 3.Nf3 Nc6 4.g3 Bb4 5.Nd5 Bc5 6.Bg2 d6 7.O-O O-O 8.e3 a6 
9.d3 Ba7 10.Nc3 Bf5 11.h3 h6 12.e4 Be6 13.Be3 Bxe3 14.fxe3 b5 15.Nd5 Nh7 
16.Rc1 Ne7 17.d4 exd4 18.exd4 bxc4 19.Nf4 Rb8 20.Qd2 Bd7 21.Rfe1 Bb5 22.
Bf1 Ng5 23.Nxg5 hxg5 24.Ng2 Nc8 25.Ne3 Nb6 26.Nxc4 Nxc4 27.Bxc4 Bxc4 28.
Rxc4 Re8 29.Rc3 Rb4 30.b3 Qf6 31.Rd3 c5 32.dxc5 dxc5 33.Rde3 Re5 34.Kh2 
Rd4 35.Qg2 Qe6 36.Kg1 c4 37.bxc4 Rxc4 38.a3 Rd4 39.Kh2 Qd6 40.Qf3 Rd2+ 41.
R1e2 Rd4 42.Kg2 Qe7 43.Kh2 g6 44.Kg2 a5 45.Kh2 a4 46.Kg2 Rc4 47.Kh2 Kg7 
48.Kg2 Qe8 49.Kh2 Qe6 50.Kg2 Qc6 51.Re1 f5 52.R1e2 Rcxe4 53.Rxe4 Rxe4 54.
Kh2 Qc4 55.Rg2 Kh6 56.Qd1 Qc7 57.Qd5 Qe5 58.Qg8 0-1

[Event "9th North Sea Cup"]
[Site "Esbjerg DEN"]
[Date "1984.07.??"]
[Round "2"]
[White "Karlsson, Lars"]
[Black "Fries-Nielsen, Jens Ove"]
[Result "1-0"]
[WhiteElo "2500"]
[BlackElo "2380"]
[EventDate "1984.07.??"]
[PlyCount "77"]

1.c4 Nf6 2.Nc3 d6 3.g3 g6 4.Bg2 Bg7 5.e3 O-O 6.Nge2 c6 7.Qb3 Nbd7 8.O-O e5
9.d3 a5 10.Qc2 Re8 11.e4 Nc5 12.h3 Nfd7 13.Be3 Ne6 14.Qd2 Nd4 15.f4 Nc5 
16.Bf2 Nxe2+ 17.Nxe2 exf4 18.gxf4 f5 19.Ng3 Qb6 20.e5 Qb4 21.Rad1 Qxd2 22.
Rxd2 Ne6 23.exd6 Nxf4 24.d4 Bd7 25.Rfd1 Nxg2 26.Kxg2 Re6 27.c5 Rae8 28.Nf1
Bh6 29.Rd3 Re2 30.Rb3 Bc8 31.Rdd3 a4 32.Rb4 f4 33.Kg1 Bg5 34.d5 Bf5 35.
Rdd4 Bxh3 36.Rxb7 Re1 37.Bxe1 Rxe1 38.Rxa4 Rxf1+ 39.Kh2 1-0

[Event "9th North Sea Cup"]
[Site "Esbjerg DEN"]
[Date "1984.07.??"]
[Round "2"]
[White "Mestel, Andrew Jonathan"]
[Black "Arnason, Jon Loftur"]
[Result "1/2-1/2"]
[WhiteElo "2545"]
[BlackElo "2505"]
[EventDate "1984.07.??"]
[PlyCount "72"]

1.d4 Nf6 2.c4 e6 3.Nc3 Bb4 4.e3 O-O 5.Ne2 d5 6.a3 Be7 7.Nf4 c6 8.b3 Nbd7 
9.Bb2 Re8 10.Qc2 dxc4 11.Bxc4 e5 12.dxe5 Nxe5 13.Be2 Bd6 14.O-O Qe7 15.b4 
Bg4 16.h3 Bxe2 17.Ncxe2 Ng6 18.Qf5 Nxf4 19.Nxf4 Qe4 20.Qxe4 Nxe4 21.Nd3 a5
22.Rfd1 Bf8 23.Bd4 axb4 24.axb4 Red8 25.f3 Nd6 26.Bb6 Re8 27.e4 Nc4 28.Bc5
Rxa1 29.Rxa1 Rd8 30.Kf2 f5 31.Bxf8 fxe4 32.fxe4 Rxd3 33.Bc5 b6 34.Rc1 bxc5
35.Rxc4 cxb4 36.Rxb4 Rc3 1/2-1/2

[Event "9th North Sea Cup"]
[Site "Esbjerg DEN"]
[Date "1984.07.??"]
[Round "2"]
[White "Mortensen, Erling"]
[Black "Short, Nigel David"]
[Result "1/2-1/2"]
[WhiteElo "2445"]
[BlackElo "2510"]
[EventDate "1984.07.??"]
[PlyCount "79"]

1.e4 e6 2.d4 d5 3.Nd2 Nf6 4.e5 Nfd7 5.c3 c5 6.f4 Nc6 7.Ndf3 Qb6 8.Ne2 f5 
9.Rg1 cxd4 10.cxd4 h5 11.g3 Be7 12.h3 Nf8 13.Nc3 Bd7 14.Na4 Qc7 15.Bd2 b6 
16.Rc1 Qb7 17.Rg2 Rc8 18.a3 a5 19.Qb3 Rb8 20.Nc3 Na7 21.a4 Kf7 22.Nb5 Nxb5
23.Bxb5 Ng6 24.Ke2 Bxb5+ 25.Qxb5 Rhc8 26.Rxc8 Qxc8 27.Kd3 Nf8 28.Rg1 Rb7 
29.Rc1 Rc7 30.Rxc7 Qxc7 31.b4 axb4 32.Bxb4 Bxb4 33.Qxb4 Qc1 34.Qxb6 Qa3+ 
35.Ke2 Qa2+ 36.Ke3 Qa3+ 37.Ke2 Qa2+ 38.Ke1 Qa1+ 39.Kd2 Qa2+ 40.Ke3 1/2-1/2

[Event "9th North Sea Cup"]
[Site "Esbjerg DEN"]
[Date "1984.07.??"]
[Round "2"]
[White "Wiedenkeller, Michael"]
[Black "Kristiansen, Jens"]
[Result "0-1"]
[WhiteElo "2460"]
[BlackElo "2445"]
[EventDate "1984.07.??"]
[PlyCount "80"]

1.d4 f5 2.g3 Nf6 3.Bg2 e6 4.Nf3 d5 5.O-O Bd6 6.b3 Qe7 7.c4 c6 8.Nbd2 Nbd7 
9.Bb2 Ne4 10.Ne5 Nxe5 11.dxe5 Bc5 12.Rc1 O-O 13.Qc2 b6 14.Nf3 Bb7 15.e3 
Rac8 16.Nd4 Qd7 17.Rcd1 Be7 18.Ne2 Qe8 19.f3 Nc5 20.Nd4 a5 21.Ba3 b5 22.
Bxc5 Bxc5 23.Rf2 Qe7 24.cxb5 Bxd4 25.Rxd4 cxb5 26.Qd3 b4 27.g4 Rc3 28.Qd2 
Qg5 29.gxf5 Qxf5 30.f4 Rfc8 31.Qe2 Rc1+ 32.Rf1 R1c2 33.Qf3 Rxa2 34.Bh3 
Qg6+ 35.Qg3 Rc6 36.f5 exf5 37.Bxf5 Qxg3+ 38.hxg3 Ba6 39.Rf2 Rc1+ 40.Kg2 
Rxf2+ 0-1

[Event "9th North Sea Cup"]
[Site "Esbjerg DEN"]
[Date "1984.07.??"]
[Round "3"]
[White "Arnason, Jon Loftur"]
[Black "Karlsson, Lars"]
[Result "1/2-1/2"]
[WhiteElo "2505"]
[BlackElo "2500"]
[EventDate "1984.07.??"]
[PlyCount "39"]

1.e4 e6 2.d4 d5 3.Nc3 Bb4 4.e5 b6 5.Qg4 Bf8 6.Bg5 Qd7 7.O-O-O h6 8.Qh3 Ne7
9.Bxe7 Bxe7 10.f4 Ba6 11.Bxa6 Nxa6 12.Nf3 O-O-O 13.g4 Kb8 14.Kb1 c5 15.f5 
Rc8 16.Rhf1 Bg5 17.Qg3 Be3 18.dxc5 Bxc5 19.g5 Nc7 20.fxe6 1/2-1/2

[Event "9th North Sea Cup"]
[Site "Esbjerg DEN"]
[Date "1984.07.??"]
[Round "3"]
[White "Fries-Nielsen, Jens Ove"]
[Black "Csom, Istvan"]
[Result "1/2-1/2"]
[WhiteElo "2380"]
[BlackElo "2500"]
[EventDate "1984.07.??"]
[PlyCount "83"]

1.e4 c5 2.Nf3 a6 3.c3 d5 4.exd5 Qxd5 5.d4 e6 6.Bd3 Nf6 7.O-O Be7 8.Na3 
Nbd7 9.Nc4 b5 10.Ne3 Qd6 11.Re1 Bb7 12.a4 c4 13.Bc2 O-O 14.Qe2 Qc7 15.axb5
axb5 16.Rxa8 Rxa8 17.h3 Bd6 18.Ng4 Nxg4 19.hxg4 Bd5 20.Bb1 Qb7 21.Nd2 Ra1 
22.f3 Bg3 23.Rd1 Qb8 24.Bc2 h5 25.Nf1 hxg4 26.fxg4 Bd6 27.g5 Nf8 28.Ne3 
Bh2+ 29.Kh1 Bf4 30.Rf1 Bxe3 31.Qxe3 Qb7 32.Qf2 Ra7 33.Be3 Be4 34.d5 Bxc2 
35.Bxa7 Bd3 36.Ra1 Qxd5 37.Be3 Ng6 38.Qg3 e5 39.Kg1 Bf5 40.Qf3 Be4 41.Qg4 
Ne7 42.Rd1 1/2-1/2

[Event "9th North Sea Cup"]
[Site "Esbjerg DEN"]
[Date "1984.07.??"]
[Round "3"]
[White "Jakobsen, Ole"]
[Black "Wiedenkeller, Michael"]
[Result "0-1"]
[WhiteElo "2435"]
[BlackElo "2460"]
[EventDate "1984.07.??"]
[PlyCount "102"]

1.Nf3 d5 2.c4 e6 3.g3 Nf6 4.Bg2 dxc4 5.Qa4+ Nbd7 6.Qxc4 a6 7.O-O b5 8.Qc2 
Bb7 9.a4 c5 10.axb5 axb5 11.Rxa8 Qxa8 12.Na3 Bc6 13.Ne1 Nd5 14.d3 Be7 15.
e4 Nb4 16.Qe2 O-O 17.Bd2 Rd8 18.f4 Qa4 19.Be3 Qb3 20.d4 Nf6 21.dxc5 Ng4 
22.Bf2 Nxf2 23.Qxf2 Na6 24.Qe2 Bxc5+ 25.Kh1 Bxa3 26.bxa3 Qxa3 27.Nf3 Nc5 
28.Ne5 Qa8 29.Nxc6 Qxc6 30.Rc1 Qb6 31.Qe3 Rc8 32.Qd4 b4 33.Rc4 b3 34.Rb4 
Qa5 35.Bf1 h6 36.Kg1 Rd8 37.Qc4 Qa7 38.Kg2 Qa2+ 39.Kh3 Qf2 40.Qe2 Qxe2 41.
Bxe2 Rd2 42.Bc4 b2 43.Ba2 Nd3 44.Rb8+ Kh7 45.e5 Nf2+ 46.Kh4 Nd1 47.Bb1+ g6
48.Rb3 Rxh2+ 49.Kg4 Rf2 50.Ba2 Kg7 51.Kh3 Rc2 0-1

[Event "9th North Sea Cup"]
[Site "Esbjerg DEN"]
[Date "1984.07.??"]
[Round "3"]
[White "Kristiansen, Jens"]
[Black "Mortensen, Erling"]
[Result "0-1"]
[WhiteElo "2445"]
[BlackElo "2445"]
[EventDate "1984.07.??"]
[PlyCount "76"]

1.c4 g6 2.e4 Bg7 3.d4 d6 4.Nc3 Nf6 5.Nf3 O-O 6.Be2 e5 7.O-O Nc6 8.d5 Ne7 
9.Nd2 a5 10.Rb1 Nd7 11.a3 f5 12.b4 b6 13.f3 Kh8 14.Nb3 axb4 15.axb4 Nf6 
16.c5 bxc5 17.bxc5 Nh5 18.g3 Ng8 19.Bd2 Nhf6 20.Nc1 fxe4 21.fxe4 Bh3 22.
Rf2 h5 23.Bf1 Ng4 24.Rxf8 Qxf8 25.Nd3 Bxf1 26.Qxf1 Qe7 27.c6 Bh6 28.Qe2 
Qf8 29.Rf1 Qb8 30.Bxh6 N4xh6 31.Rb1 Qa7+ 32.Qf2 Qa5 33.Qb2 Ng4 34.Kh1 Qa7 
35.Re1 Qd4 36.Nc1 Rf8 37.Nd1 Qc4 38.Qe2 Qxc1 0-1

[Event "9th North Sea Cup"]
[Site "Esbjerg DEN"]
[Date "1984.07.??"]
[Round "3"]
[White "Miles, Anthony John"]
[Black "Mestel, Andrew Jonathan"]
[Result "1-0"]
[WhiteElo "2565"]
[BlackElo "2545"]
[EventDate "1984.07.??"]
[PlyCount "61"]

1.d4 Nf6 2.c4 d6 3.Nc3 Nbd7 4.e4 e5 5.d5 Nc5 6.f3 a5 7.Be3 Be7 8.Qd2 h6 9.
O-O-O Bd7 10.g3 a4 11.Kb1 Qb8 12.Bh3 Qa7 13.Bxd7+ Nfxd7 14.Nb5 Qb6 15.Ne2 
O-O 16.g4 c6 17.Na3 Qa6 18.Ng3 Rfd8 19.Nf5 Bf8 20.Rhg1 cxd5 21.exd5 e4 22.
g5 Ne5 23.gxh6 g6 24.Bg5 Nxf3 25.Qc3 Nxg5 26.Rxg5 Nd7 27.h7+ Kxh7 28.Rdg1 
Ne5 29.Qh3+ Kg8 30.Rh5 Bg7 31.Rh7 1-0

[Event "9th North Sea Cup"]
[Site "Esbjerg DEN"]
[Date "1984.07.??"]
[Round "3"]
[White "Short, Nigel David"]
[Black "Hansen, Curt"]
[Result "1-0"]
[WhiteElo "2510"]
[BlackElo "2505"]
[EventDate "1984.07.??"]
[PlyCount "57"]

1.e4 c5 2.Nf3 e6 3.d4 cxd4 4.Nxd4 Nf6 5.Nc3 d6 6.g4 Nc6 7.g5 Nd7 8.h4 Nb6 
9.Be3 d5 10.exd5 exd5 11.Bb5 Bd7 12.Qe2 Be7 13.O-O-O O-O 14.Nb3 Be6 15.f4 
Qc8 16.Bxb6 Bg4 17.Qe3 axb6 18.Bxc6 bxc6 19.Qxe7 Bxd1 20.Rxd1 Re8 21.Qb4 
Rb8 22.Qd4 Qh3 23.Qf2 Rb7 24.Nd4 Qd7 25.Nf3 Qf5 26.Qd2 b5 27.Ne5 b4 28.Na4
Ra7 29.b3 1-0

[Event "9th North Sea Cup"]
[Site "Esbjerg DEN"]
[Date "1984.07.??"]
[Round "4"]
[White "Csom, Istvan"]
[Black "Wiedenkeller, Michael"]
[Result "1-0"]
[WhiteElo "2500"]
[BlackElo "2460"]
[EventDate "1984.07.??"]
[PlyCount "99"]

1.c4 Nf6 2.Nf3 e6 3.b3 Be7 4.Bb2 O-O 5.g3 d5 6.Bg2 b6 7.O-O Bb7 8.e3 c5 9.
Nc3 Nc6 10.cxd5 Nxd5 11.Nxd5 exd5 12.d4 Qd7 13.Qd2 Rfd8 14.Rfd1 a5 15.Bc3 
f6 16.Qb2 Qe6 17.Rd2 Ba6 18.dxc5 bxc5 19.Rad1 Rd7 20.h4 Bb7 21.Kh2 Qf7 22.
Qb1 Rad8 23.Qf5 Bc8 24.Qf4 Nb4 25.Ng1 Bd6 26.Qf3 Bb7 27.Qf5 Be7 28.Ne2 g6 
29.Qb1 Bd6 30.Qb2 Bb8 31.a3 Rd6 32.Qa1 Nc6 33.Nf4 d4 34.exd4 g5 35.d5 gxf4
36.dxc6 fxg3+ 37.fxg3 Bc8 38.Rxd6 Rxd6 39.Rxd6 Bxd6 40.Qd1 Qc7 41.Qd5+ Kf8
42.Qd3 c4 43.bxc4 Bxa3 44.Bxf6 Bd6 45.Bd5 Be5 46.Bxe5 Qxe5 47.Qa3+ Ke8 48.
Qxa5 Qe2+ 49.Bg2 Qxc4 50.Qh5+ 1-0

[Event "9th North Sea Cup"]
[Site "Esbjerg DEN"]
[Date "1984.07.??"]
[Round "4"]
[White "Fries-Nielsen, Jens Ove"]
[Black "Arnason, Jon Loftur"]
[Result "1-0"]
[WhiteElo "2380"]
[BlackElo "2505"]
[EventDate "1984.07.??"]
[PlyCount "111"]

1.Nf3 Nf6 2.d4 e6 3.c4 b6 4.Nc3 Bb4 5.Qb3 a5 6.Bg5 Bb7 7.e3 h6 8.Bxf6 Qxf6
9.Be2 d6 10.O-O Bxc3 11.Qxc3 Nd7 12.Nd2 e5 13.Bf3 Bxf3 14.Nxf3 e4 15.Nd2 
Qe7 16.Qc2 Nf6 17.c5 bxc5 18.dxc5 O-O 19.cxd6 cxd6 20.Rac1 Rfb8 21.Rfd1 
Rb5 22.Qc6 Rab8 23.b3 Kh7 24.Nc4 d5 25.Nd6 Rb4 26.Nf5 Qe5 27.Nd4 R8b7 28.
h3 Qh5 29.Qa6 a4 30.a3 R4b6 31.Qxa4 Nd7 32.b4 Rg6 33.Kh1 Ne5 34.Qc2 Rbb6 
35.Qe2 Qg5 36.f4 exf3 37.Nxf3 Nxf3 38.Qxf3 Rbf6 39.Rxd5 Qh4 40.Rf5 Rd6 41.
Rxf7 Rd2 42.Rf4 Qd8 43.Rd4 Rxd4 44.exd4 Qxd4 45.Rd1 Qe5 46.a4 Rg3 47.Qd5 
Qf4 48.b5 Qb4 49.Qf5+ Rg6 50.Qc2 h5 51.Rb1 Qe7 52.b6 Qb7 53.a5 Kh6 54.a6 
Qxa6 55.Qxg6+ Kxg6 56.b7 1-0

[Event "9th North Sea Cup"]
[Site "Esbjerg DEN"]
[Date "1984.07.??"]
[Round "4"]
[White "Hansen, Curt"]
[Black "Kristiansen, Jens"]
[Result "1-0"]
[WhiteElo "2505"]
[BlackElo "2445"]
[EventDate "1984.07.??"]
[PlyCount "59"]

1.g3 f5 2.Nf3 Nf6 3.Bg2 g6 4.O-O Bg7 5.c4 O-O 6.d4 d6 7.Nc3 Nc6 8.d5 Ne5 
9.Nxe5 dxe5 10.e4 f4 11.b4 g5 12.Re1 a6 13.Bb2 Qe8 14.c5 Bd7 15.Rc1 Rd8 
16.a4 Qf7 17.gxf4 exf4 18.e5 Nxd5 19.Bxd5 e6 20.Be4 f3 21.Kh1 Qh5 22.Re3 
Rf4 23.Bxf3 Rxf3 24.Rxf3 g4 25.Ne4 gxf3 26.Qd4 Qh4 27.Rd1 Rf8 28.Rg1 Rf4 
29.Qxd7 Rg4 30.Qxe6+ 1-0

[Event "9th North Sea Cup"]
[Site "Esbjerg DEN"]
[Date "1984.07.??"]
[Round "4"]
[White "Mestel, Andrew Jonathan"]
[Black "Short, Nigel David"]
[Result "1/2-1/2"]
[WhiteElo "2545"]
[BlackElo "2510"]
[EventDate "1984.07.??"]
[PlyCount "81"]

1.e4 e5 2.Nf3 Nc6 3.Bb5 a6 4.Ba4 Nf6 5.O-O Be7 6.Re1 b5 7.Bb3 d6 8.c3 O-O 
9.h3 Bb7 10.d4 Re8 11.Nbd2 Bf8 12.a4 h6 13.d5 Nb8 14.c4 c6 15.dxc6 Nxc6 
16.axb5 axb5 17.Rxa8 Qxa8 18.cxb5 Nb4 19.Bc4 d5 20.exd5 e4 21.Nh2 Bxd5 22.
Ng4 Nxg4 23.Qxg4 Bxc4 24.Nxc4 Nd3 25.Rf1 Qd5 26.b3 Nxc1 27.Rxc1 Qxb5 28.
Qg3 Qd5 29.Qc7 Qd3 30.Qb6 g6 31.Ne3 Bg7 32.Rd1 Qc3 33.b4 Be5 34.b5 Kg7 35.
Qa7 Re6 36.Qa4 Qc5 37.Qc4 Qa7 38.Nd5 h5 39.b6 Qb7 40.Rc1 Rd6 41.Rd1 
1/2-1/2

[Event "9th North Sea Cup"]
[Site "Esbjerg DEN"]
[Date "1984.07.??"]
[Round "4"]
[White "Mortensen, Erling"]
[Black "Jakobsen, Ole"]
[Result "1/2-1/2"]
[WhiteElo "2445"]
[BlackElo "2435"]
[EventDate "1984.07.??"]
[PlyCount "81"]

1.e4 e5 2.Nf3 Nf6 3.Nxe5 d6 4.Nf3 Nxe4 5.d4 d5 6.Bd3 Be7 7.O-O Nc6 8.Re1 
Bg4 9.c4 Nf6 10.cxd5 Nxd5 11.Nc3 O-O 12.Be4 Be6 13.Qd3 h6 14.Bh7+ Kh8 15.
Bf5 Ncb4 16.Qb1 Bxf5 17.Qxf5 Nf6 18.Bd2 Nbd5 19.Ne5 Qc8 20.Qf3 c6 21.Rad1 
Qe8 22.g4 Rd8 23.h4 Nd7 24.Nd3 N7b6 25.g5 hxg5 26.hxg5 f6 27.Nc5 fxg5 28.
Qh3+ Kg8 29.Qe6+ Qf7 30.Nxb7 Rd7 31.Na5 Rd6 32.Qxf7+ Rxf7 33.Ne4 Rg6 34.
Rc1 Nb4 35.Nc5 Bxc5 36.dxc5 N6d5 37.Bxb4 Nxb4 38.a3 Nd3 39.Re8+ Kh7 40.Rc2
Rgf6 41.Ree2 1/2-1/2

[Event "9th North Sea Cup"]
[Site "Esbjerg DEN"]
[Date "1984.07.??"]
[Round "5"]
[White "Arnason, Jon Loftur"]
[Black "Csom, Istvan"]
[Result "1/2-1/2"]
[WhiteElo "2505"]
[BlackElo "2500"]
[EventDate "1984.07.??"]
[PlyCount "48"]

1.e4 c5 2.Nf3 d6 3.d4 cxd4 4.Nxd4 Nf6 5.Nc3 Nc6 6.Bg5 e6 7.Qd2 a6 8.O-O-O 
h6 9.Bf4 Bd7 10.Nxc6 Bxc6 11.Qe1 Qa5 12.Kb1 Rd8 13.h4 Be7 14.Rh3 Rd7 15.
Rhd3 Qd8 16.g3 Ng4 17.Be2 Ne5 18.Rd4 Ng6 19.Bc1 Bf6 20.R4d3 O-O 21.h5 Ne7 
22.Bg4 Qc7 23.f4 Rfd8 24.Bf3 b5 1/2-1/2

[Event "9th North Sea Cup"]
[Site "Esbjerg DEN"]
[Date "1984.07.??"]
[Round "5"]
[White "Jakobsen, Ole"]
[Black "Hansen, Curt"]
[Result "0-1"]
[WhiteElo "2435"]
[BlackElo "2505"]
[EventDate "1984.07.??"]
[PlyCount "66"]

1.Nf3 Nf6 2.c4 e6 3.Nc3 d5 4.d4 c6 5.Qb3 Be7 6.Bg5 Nbd7 7.e3 O-O 8.Be2 h6 
9.Bh4 b6 10.cxd5 exd5 11.O-O Bb7 12.Rad1 Rc8 13.Rfe1 Re8 14.Bd3 c5 15.Bxf6
Nxf6 16.dxc5 Rxc5 17.Bb5 Rf8 18.e4 Qa8 19.exd5 Nxd5 20.Ne4 Rc7 21.Ne5 Bb4 
22.Nd2 Qd8 23.Bc4 Re8 24.Nef3 Rxe1+ 25.Rxe1 Bxd2 26.Nxd2 Nf4 27.Ne4 Qd4 
28.Qg3 Rxc4 29.Qxf4 Bxe4 30.b3 Rc6 31.h3 Re6 32.Kh2 Qb4 33.Re3 Qe7 0-1

[Event "9th North Sea Cup"]
[Site "Esbjerg DEN"]
[Date "1984.07.??"]
[Round "5"]
[White "Kristiansen, Jens"]
[Black "Mestel, Andrew Jonathan"]
[Result "0-1"]
[WhiteElo "2445"]
[BlackElo "2545"]
[EventDate "1984.07.??"]
[PlyCount "80"]

1.e4 c5 2.Nf3 d6 3.d4 cxd4 4.Qxd4 Nf6 5.Nc3 a6 6.Be3 Nc6 7.Qb6 Qxb6 8.Bxb6
Bg4 9.a3 Rc8 10.Nd2 g6 11.f3 Be6 12.Bc4 Nd7 13.Bxe6 fxe6 14.Be3 Bg7 15.Nd1
Nd4 16.Bxd4 Bxd4 17.c3 Bg7 18.Nf2 Kf7 19.Nd3 Nc5 20.Ke2 b5 21.Nxc5 Rxc5 
22.Nb3 Rc4 23.Rad1 Ra8 24.Kd3 Bf6 25.Nd4 Rac8 26.Rd2 g5 27.Re1 h5 28.Rf2 
h4 29.Ree2 Be5 30.h3 Kf6 31.Rc2 Bf4 32.Nb3 d5 33.Rce2 Rd8 34.exd5 exd5 35.
Nd2 Rc6 36.Nb3 e5 37.Rc2 e4+ 38.fxe4 dxe4+ 39.Ke2 Rd3 40.Nc1 Rcd6 0-1

[Event "9th North Sea Cup"]
[Site "Esbjerg DEN"]
[Date "1984.07.??"]
[Round "5"]
[White "Miles, Anthony John"]
[Black "Fries-Nielsen, Jens Ove"]
[Result "1-0"]
[WhiteElo "2565"]
[BlackElo "2380"]
[EventDate "1984.07.??"]
[PlyCount "77"]

1.d4 Nf6 2.c4 c5 3.d5 d6 4.Nc3 g6 5.e4 Bg7 6.Bd3 O-O 7.Nge2 e6 8.O-O exd5 
9.cxd5 Qb6 10.Kh1 Re8 11.f3 Nbd7 12.Rb1 a6 13.a4 Rb8 14.Na2 Ne5 15.Nec3 
Nxd3 16.Qxd3 Nd7 17.b4 cxb4 18.Rxb4 Qd8 19.Be3 Nc5 20.Qc4 b6 21.Bd4 Bh6 
22.Rb2 Bd7 23.Rfb1 Qh4 24.Qf1 Bf4 25.Qg1 Be5 26.Rxb6 Rxb6 27.Rxb6 Nd3 28.
Rb1 Bg3 29.Rf1 Rc8 30.Ne2 Be5 31.Bxe5 Nxe5 32.Qb6 Nc4 33.Qa7 Nd2 34.Rg1 
Bxa4 35.Qxa6 Rc2 36.Nac1 Bb3 37.Nd4 Rb2 38.Qc8+ Kg7 39.Qc3 1-0

[Event "9th North Sea Cup"]
[Site "Esbjerg DEN"]
[Date "1984.07.??"]
[Round "5"]
[White "Wiedenkeller, Michael"]
[Black "Mortensen, Erling"]
[Result "0-1"]
[WhiteElo "2460"]
[BlackElo "2445"]
[EventDate "1984.07.??"]
[PlyCount "82"]

1.d4 Nf6 2.Bg5 Ne4 3.Bh4 d5 4.Nd2 g6 5.e3 Bg7 6.Bd3 Bf5 7.f3 Nxd2 8.Qxd2 
Bxd3 9.Qxd3 O-O 10.Ne2 c5 11.Qa3 b6 12.Rd1 Qd6 13.O-O e6 14.e4 Nc6 15.Bg3 
Qe7 16.dxc5 bxc5 17.exd5 exd5 18.Nc3 Nd4 19.Nxd5 Qb7 20.Qxc5 Ne2+ 21.Kh1 
Nxg3+ 22.hxg3 Qxb2 23.f4 Kh8 24.f5 gxf5 25.Ne7 Qxa2 26.Rd5 Rad8 27.Rxd8 
Rxd8 28.Nxf5 Qa6 29.Re1 Bf6 30.Qc7 Qc8 31.Qxc8 Rxc8 32.Rb1 Ra8 33.c4 a5 
34.c5 a4 35.c6 a3 36.c7 Be5 37.Rc1 Rc8 38.Rd1 Bxc7 39.Rc1 a2 40.Nd4 Ra8 
41.Nb3 Be5 0-1

[Event "9th North Sea Cup"]
[Site "Esbjerg DEN"]
[Date "1984.07.??"]
[Round "6"]
[White "Arnason, Jon Loftur"]
[Black "Miles, Anthony John"]
[Result "1-0"]
[WhiteElo "2505"]
[BlackElo "2565"]
[EventDate "1984.07.??"]
[PlyCount "79"]

1.e4 c6 2.d4 d5 3.Nd2 dxe4 4.Nxe4 Bf5 5.Nc5 Qb6 6.Nf3 e6 7.Nb3 Nd7 8.Bd3 
Bg6 9.O-O Ngf6 10.c4 Qc7 11.Re1 Bb4 12.Re3 O-O-O 13.h3 Bd6 14.Bxg6 hxg6 
15.Ng5 Rhf8 16.Rf3 e5 17.c5 Be7 18.Qe2 Rde8 19.Qc4 e4 20.Bf4 Qd8 21.Qa4 
Nd5 22.Nxe4 Nxf4 23.Rxf4 Kb8 24.Rf3 Nf6 25.Ned2 Qd7 26.Nc4 Bd8 27.Nba5 
Bxa5 28.Nxa5 Rc8 29.Ra3 Rc7 30.Nc4 a6 31.Nd6 Rd8 32.Rd1 Ne8 33.Nc4 Qf5 34.
Qb3 Qe4 35.Rxa6 Re7 36.Ra4 Rxd4 37.Rxd4 Qxd4 38.Qg3+ Nc7 39.Nb6 Qe5 40.
Nd7+ 1-0

[Event "9th North Sea Cup"]
[Site "Esbjerg DEN"]
[Date "1984.07.??"]
[Round "6"]
[White "Csom, Istvan"]
[Black "Mortensen, Erling"]
[Result "1-0"]
[WhiteElo "2500"]
[BlackElo "2445"]
[EventDate "1984.07.??"]
[PlyCount "135"]

1.d4 Nf6 2.c4 g6 3.g3 Bg7 4.Bg2 O-O 5.Nc3 d6 6.Nf3 c6 7.O-O Qa5 8.h3 Be6 
9.d5 cxd5 10.Nd4 dxc4 11.Nxe6 fxe6 12.Bxb7 Nbd7 13.Bxa8 Rxa8 14.Qa4 Qxa4 
15.Nxa4 Ne4 16.Be3 Rb8 17.Rac1 Rb4 18.b3 cxb3 19.axb3 Rxb3 20.Rc7 Ndf6 21.
Bxa7 Nd5 22.Rc4 Nd2 23.Rc8+ Kf7 24.Rd1 Ra3 25.Nb6 Ne4 26.Nxd5 exd5 27.Bd4 
Bxd4 28.Rxd4 Ra2 29.Kf1 Ra1+ 30.Kg2 Ra2 31.Rxd5 Ke6 32.Rd1 d5 33.Kf1 Nf6 
34.Rc7 h5 35.Rb1 Ne8 36.Rc5 Nf6 37.Rc6+ Kd7 38.Rbc1 g5 39.Rb6 g4 40.h4 Ra4
41.Rc2 Ke8 42.Re6 Kd7 43.Rb6 Ke8 44.Rb7 Kf7 45.Rcc7 Re4 46.Ra7 Re5 47.Ra4 
Ne4 48.Kg2 Nd6 49.Rc2 Ne4 50.Ra6 Nd6 51.Ra5 Kf6 52.Rc6 Kf7 53.Rc2 Kf6 54.
Ra3 Nf5 55.Rd2 e6 56.Ra6 Ke7 57.Ra4 d4 58.Kf1 Rb5 59.Ke1 e5 60.Ra7+ Ke6 
61.Rh7 Nd6 62.Rxh5 Kd5 63.e3 Rb1+ 64.Rd1 Rxd1+ 65.Kxd1 dxe3 66.fxe3 Ne4 
67.Rg5 Ke6 68.Kc2 1-0

[Event "9th North Sea Cup"]
[Site "Esbjerg DEN"]
[Date "1984.07.??"]
[Round "6"]
[White "Fries-Nielsen, Jens Ove"]
[Black "Short, Nigel David"]
[Result "1/2-1/2"]
[WhiteElo "2380"]
[BlackElo "2510"]
[EventDate "1984.07.??"]
[PlyCount "83"]

1.d4 e6 2.Nf3 Nf6 3.c4 d5 4.Nc3 Be7 5.e3 O-O 6.Bd3 c5 7.O-O Nc6 8.a3 cxd4 
9.exd4 dxc4 10.Bxc4 a6 11.Ba2 Qd6 12.Be3 Rd8 13.Rc1 b5 14.Qe2 b4 15.Na4 
bxa3 16.bxa3 Rb8 17.Nc5 a5 18.Rfd1 Nd5 19.Qc2 Na7 20.Bb1 f5 21.Ne5 Nb5 22.
Rd3 Bf6 23.Ba2 Nxd4 24.Bxd4 Bxe5 25.Bxe5 Qxe5 26.Qd2 Qb2 27.Rc2 Qb6 28.h3 
Kf8 29.Kh2 Qd6+ 30.g3 Rb5 31.Nb3 Qb6 32.Nd4 Rc5 33.Rb2 Qc7 34.Nb3 Rc3 35.
Nd4 Rxd3 36.Qxd3 Nf6 37.Qe3 e5 38.Nb5 Qe7 39.Rc2 Bd7 40.Rc7 Rc8 41.Rxc8+ 
Bxc8 42.Qc3 1/2-1/2